|
|
|
|
| LEADER |
01079nam a2200277 a 4500 |
| 001 |
12713035 |
| 008 |
100511s2003 mauab 001 0 eng d |
| 010 |
|
|
|a 2002021925
|
| 020 |
|
|
|a 0072470518 (spiral-bound : alk. paper)
|
| 020 |
|
|
|a 0071122095 (international alk. paper)
|
| 040 |
|
|
|a DLC
|c DLC
|d DLC
|d BD-DhAAL
|
| 082 |
0 |
0 |
|a 005.4/469
|2 21
|
| 100 |
1 |
|
|a Clifford, Sarah Hutchinson.
|
| 245 |
1 |
0 |
|a Microsoft Windows XP with Internet Explorer /
|c Sarah E. Hutchinson, Glen J. Coulthard.
|
| 260 |
|
|
|a Boston :
|b McGraw-Hill/Irwin,
|c c2003.
|
| 300 |
|
|
|a xv, 380 p. :
|b col. ill., col. maps ;
|c 28 cm.
|
| 490 |
0 |
|
|a Advantage series
|
| 504 |
|
|
|a Includes index.
|
| 541 |
1 |
|
|e 00015623
|
| 630 |
0 |
0 |
|a Microsoft Windows (Computer file)
|
| 630 |
0 |
0 |
|a Microsoft Internet explorer.
|
| 650 |
|
0 |
|a Operating systems (Computers)
|
| 700 |
1 |
|
|a Coulthard, Glen J.
|
| 852 |
4 |
|
|a Ayesha Abed Library
|j General shelf
|
| 999 |
|
|
|c 8518
|d 8518
|
| 952 |
|
|
|0 0
|1 0
|2 ddc
|4 0
|6 005_400000000000000_469_CLI_2003
|7 0
|9 10046
|a BRACUL
|b BRACUL
|c GEN
|d 2010-05-11
|l 0
|o 005.4469 CLI
|p 3010015623
|r 2010-05-11
|t 1
|w 2010-05-11
|y BK
|